Inductively coupled plasma emission spectroscopy : (Record no. 152876)
[ view plain ]
| 000 -LEADER | |
|---|---|
| fixed length control field | 00737nam a2200229 a 4500 |
| 008 - FIXED-LENGTH DATA ELEMENTS--GENERAL INFORMATION | |
| fixed length control field | |
| 020 ## - INTERNATIONAL STANDARD BOOK NUMBER | |
| International Standard Book Number | 0471096865 (cased) |
| 049 ## - LOCAL HOLDINGS (OCLC) | |
| Holding library | MAIN |
| 090 ## - LOCALLY ASSIGNED LC-TYPE CALL NUMBER (OCLC); LOCAL CALL NUMBER (RLIN) | |
| Classification number (OCLC) (R) ; Classification number, CALL (RLIN) (NR) | QD96.P62 |
| Local cutter number (OCLC) ; Book number/undivided call number, CALL (RLIN) | IND |
| 003 - CONTROL NUMBER IDENTIFIER | |
| control field | |
| 005 - DATE AND TIME OF LATEST TRANSACTION | |
| control field | 20230123133703.0 |
| 040 ## - CATALOGING SOURCE | |
| Transcribing agency | NUST |
| 245 ## - TITLE STATEMENT | |
| Title | Inductively coupled plasma emission spectroscopy : |
| Number of part/section of a work | part1: methodology, instrumentation, and performance/ edited by P.W.J.M. Boumans |
| 260 ## - PUBLICATION, DISTRIBUTION, ETC. | |
| Place of publication, distribution, etc. | New York: |
| Name of publisher, distributor, etc. | John Wiley & Sons, |
| Date of publication, distribution, etc. | 1987 |
| 300 ## - PHYSICAL DESCRIPTION | |
| Extent | xi, 584p. : |
| Other physical details | ill. ; |
| Dimensions | 23cm |
| 440 ## - SERIES STATEMENT/ADDED ENTRY--TITLE | |
| Title | (Chemical analysis; v.90). |
| 500 ## - GENERAL NOTE | |
| General note | Includes index. |
| 650 ## - SUBJECT ADDED ENTRY--TOPICAL TERM | |
| Topical term or geographic name entry element | Plasma spectroscopy. |
| 700 ## - ADDED ENTRY--PERSONAL NAME | |
| Personal name | Boumans, P.W.J.M. |
| 907 ## - LOCAL DATA ELEMENT G, LDG (RLIN) | |
| a | .b10119176 |
| b | 13-02-13 |
| c | 23-04-04 |
| 942 ## - ADDED ENTRY ELEMENTS (KOHA) | |
| Koha item type | Ordinary Loan Books |
| Call number prefix | QD96.P62 |
| Call number suffix | IND |
| Date last seen | Total Checkouts | Full call number | Barcode | Cost, replacement price | Price effective from | Koha item type | Lost status | Source of classification or shelving scheme | Damaged status | Not for loan | Collection | Withdrawn status | Home library | Current library | Shelving location | Date acquired | Cost, normal purchase price |
|---|---|---|---|---|---|---|---|---|---|---|---|---|---|---|---|---|---|
| 01/23/2023 | 2 | QD96.P62 IND | 92003018516 | 80.00 | 01/23/2023 | BOOKS | LCC | NFIC | MAIN | MAIN | GEN | 01/23/2023 | 80.00 |